Lineárna algebra a jej miesto, úloha a využitie v ekonómii bakalárska práca
Saved in:
| Main Author: | |
|---|---|
| Corporate Author: | |
| Other Authors: | |
| Format: | Book |
| Language: | Slovak |
| Published: |
Bratislava
2014
|
| Tags: |
No Tags, Be the first to tag this record!
|
MARC
| LEADER | 00000nbm a2200000 4500 | ||
|---|---|---|---|
| 001 | 0189900 | ||
| 005 | 20170201112758.0 | ||
| 041 | 0 | |a slo | |
| 044 | |a SK | ||
| 245 | 1 | 0 | |a Lineárna algebra a jej miesto, úloha a využitie v ekonómii |b bakalárska práca |c Kristína Drábová ; školiteľ: František Peller |
| 264 | 1 | |a Bratislava |c 2014 | |
| 300 | |a 37 s. | ||
| 100 | 1 | |a Drábová, Kristína | |
| 700 | 1 | |a Peller, František | |
| 710 | 2 | |a Fakulta hospodárskej informatiky EU. Katedra matematiky a aktuárstva | |